| 000 | 01459nam a2200337 i 4500 | ||
|---|---|---|---|
| 001 | 000021335 | ||
| 003 | DO-SdBNP | ||
| 005 | 20240912100726.0 | ||
| 007 | ta | ||
| 008 | 100906s1997 dr c 000 0 spa d | ||
| 040 |
_aDO-SdBNP _bspa _cBNPHU _erda |
||
| 041 | _aspa | ||
| 082 | 4 |
_a972.9356 _bS235p _222 |
|
| 100 | 1 |
_aSantiago, Pedro Julio _eautor _4aut. _944573 |
|
| 245 | 1 | 3 |
_aEl primer Santiago de América 1495-1995 / _cPedro Julio Santiago, Julio G. Campillo Pérez, Carlos Dobal. |
| 264 | 1 |
_aSanto Domingo : _bAcademia Dominicana de la Historia: _bAmigo del Hogar, _c1997. |
|
| 300 |
_a346 páginas : _bilustraciones, retratos ; _c23 cm. |
||
| 336 |
_atexto _btxt _2rdacontent |
||
| 337 |
_asin mediación _bn _2rdamedia |
||
| 338 |
_avolumen _bnc _2rdacarrier |
||
| 490 | 1 |
_aFuentes de la Historia Colonial Dominicana. Serie A. ; _v1 |
|
| 500 | _aIncluye notas al pie de páginas | ||
| 650 | 0 |
_aSantiago de los Caballeros (República Dominicana) _xHistoria _xAnecdotas, chistes, satiras, etc. _98271 |
|
| 650 | 0 |
_aSantiago de los Caballeros (República Dominicana) _xHistoria _xAnecdotas, chistes, satiras, etc. _98271 |
|
| 650 | 4 |
_aCiudades y pueblos _zRepública Dominicana _9784 |
|
| 700 | 1 |
_aCampillo Pérez, Julio G., _eautor _4aut. _931026 |
|
| 700 | 1 |
_aDobal, Carlos, _eautor _4aut. _926322 |
|
| 830 | 0 |
_aFuentes de la Historia Colonial Dominicana. Serie A. ; _v1 _944574 |
|
| 910 | _aValidado. Control de calidad BNPHU | ||
| 942 |
_2ddc _cLBS1 |
||
| 999 |
_c20835 _d20835 |
||